Normal view
MARC view
- Arcega, Analiza F.
Entry Personal Name
001 - CONTROL NUMBER
- control field: 30865
003 - CONTROL NUMBER IDENTIFIER
- control field: OSt
005 - DATE AND TIME OF LATEST TRANSACTION
- control field: 20180904155422.0
008 - FIXED-LENGTH DATA ELEMENTS
- fixed length control field: 180904|| aca||aabn | a|a d
040 ## - CATALOGING SOURCE
- Original cataloging agency: OSt
100 ## - HEADING--PERSONAL NAME
- Personal name: Arcega, Analiza F.
